书目信息 |
| 题名: |
现代文学新传统及其当代阐释
|
|
| 作者: | 温儒敏 , 陈晓明 著 | |
| 分册: | ||
| 出版信息: | 北京 北京大学出版社 2010.01 |
|
| 页数: | 305页 | |
| 开本: | 24cm | |
| 丛书名: | ||
| 单 册: | ||
| 中图分类: | I206.6 | |
| 科图分类: | ||
| 主题词: | 现代文学--xian dai wen xue--文学研究--中国 | |
| 电子资源: | ||
| ISBN: | 978-7-301-16455-6 | |
| 000 | 01210nam0 2200265 450 | |
| 001 | 012010372203 | |
| 005 | 20100408113407.70 | |
| 010 | @a978-7-301-16455-6@dCNY36.00 | |
| 100 | @a20100408d2010 em y0chiy0120 ea | |
| 101 | 0 | @achi |
| 102 | @aCN@b110000 | |
| 105 | @ay a 000yy | |
| 106 | @ar | |
| 200 | 1 | @a现代文学新传统及其当代阐释@Axian dai wen xue xin chuan tong ji qi dang dai chan shi@f温儒敏, 陈晓明等著@Fwen ru min,chen xiao ming deng zhu |
| 210 | @a北京@c北京大学出版社@d2010.01 | |
| 215 | @a305页@d24cm | |
| 300 | @a教育部人文社会科学重点研究基地重大研究项目 | |
| 320 | @a有书目 (第300-305页) | |
| 330 | @a本书全面考察现代文学传统的形成过程及其在当代社会生活中的渗透影响,强调在当代价值重建"新传统"(相对古代的"大传统"而言)的意义。重点有两个,一是历史梳理,考察新的文学传统如何在不断的阐释中被选择、沉淀、释放和延传; 二是分析当代文坛中"现在"与"传统"的对话。书中不但全面梳理了现代文学传统的形成与发展过程,还对新传统的比较稳定的"核心部分"做了深入的探讨。 | |
| 606 | 0 | @a现代文学@Axian dai wen xue@x文学研究@y中国 |
| 690 | @aI206.6@v4 | |
| 701 | 0 | @a温儒敏@Awen ru min@4著 |
| 701 | 0 | @a陈晓明@Achen xiao ming@4著 |
| 801 | 0 | @aCN@bQSSK@c20100408 |
| 905 | @b776004-06@dI206.6@eW623@f3 | |
| 现代文学新传统及其当代阐释/温儒敏, 陈晓明等著.-北京:北京大学出版社,2010.01 |
| 305页;24cm |
| 教育部人文社会科学重点研究基地重大研究项目 |
| ISBN 978-7-301-16455-6:CNY36.00 |
| 本书全面考察现代文学传统的形成过程及其在当代社会生活中的渗透影响,强调在当代价值重建"新传统"(相对古代的"大传统"而言)的意义。重点有两个,一是历史梳理,考察新的文学传统如何在不断的阐释中被选择、沉淀、释放和延传; 二是分析当代文坛中"现在"与"传统"的对话。书中不但全面梳理了现代文学传统的形成与发展过程,还对新传统的比较稳定的"核心部分"做了深入的探讨。 |
| ● |
| 相关链接 |
|
|
|
正题名:现代文学新传统及其当代阐释
索取号:I206.6/W623
 
预约/预借
| 序号 | 登录号 | 条形码 | 馆藏地/架位号 | 状态 | 备注 |
| 1 | 776004 | 207760047 | 文学库108/108文学库 6排3列4层/ [索取号:I206.6/W623] | 在馆 | |
| 2 | 776005 | 207760056 | 文学库108/108文学库 6排3列4层/ [索取号:I206.6/W623] | 在馆 | |
| 3 | 776006 | 207760065 | 文学库108/108文学库 6排3列4层/ [索取号:I206.6/W623] | 在馆 |